[Event "D38"]
[Site "Cleanchess.com Rochefort FRA"]
[Date "2018.02.18"]
[Round "2.3"]
[White "Maiorov,N1"]
[Black "Lemeaux,D"]
[Result "1-0"]
[WhiteElo "2547"]
[BlackElo "2306"]

1.d4 d5 2.c4 e6 3.Nf3 Nf6 4.Nc3 Bb4 5.cxd5 exd5 6.Bg5 h6 7.Bh4 c5 8.e3 g5
9.Bg3 Ne4 10.Bb5+ Nc6 11.O-O Bxc3 12.bxc3 Nxc3 13.Bxc6+ bxc6 14.Qc2 Ne4
15.dxc5 Nxg3 16.hxg3 Qf6 17.Nd4 h5 18.f4 g4 19.Kf2 Rb8 20.Rh1 h4 21.gxh4 g3+
22.Kxg3 Rb4 23.Qd2 Rc4 24.Kf2 Rxh4 25.Rxh4 Qxh4+ 26.Kg1 Bd7 27.Rb1 Qd8 28.Rb7
Rxc5 29.Qb2 Qa5 30.Rb8+ Ke7 31.Nf5+ Bxf5 32.Qe5+ Kd7 33.Rb7+ Kc8 34.Qb8# 1-0

[Event "D38"]
[Site "Cleanchess.com Aarhus DEN"]
[Date "2018.02.17"]
[Round "8.1"]
[White "Miedema,D"]
[Black "Thybo,Jesper Sondergaard"]
[Result "1-0"]
[WhiteElo "2371"]
[BlackElo "2479"]

1.d4 Nf6 2.c4 e6 3.Nf3 d5 4.Nc3 Bb4 5.Qb3 c5 6.dxc5 Nc6 7.Bg5 Qa5 8.Bxf6 dxc4
9.Qxc4 gxf6 10.Rc1 Qxc5 11.Qh4 Ke7 12.g3 e5 13.Bg2 Bxc3+ 14.Rxc3 Qb6 15.O-O
Qxb2 16.Rfc1 Rd8 17.Qxh7 Be6 18.R3c2 Qb6 19.e3 Rac8 20.Nh4 Rg8 21.Nf5+ Bxf5
22.Qxf5 Rh8 23.h4 Qa6 24.Kh2 Qa4 25.Rc4 Qxa2 26.Bxc6 Rxc6 27.Rxc6 bxc6 28.Rxc6
Rh6 29.Kg1 Kf8 30.Rc8+ Kg7 31.Qg4+ Rg6 32.Qb4 Rh6 33.Qb8 Kg6 34.Rg8+ Kf5
35.Qc8+ Ke4 36.Qg4+ Kd3 37.Rd8+ Kc3 38.Qd1 f5 39.Qc1+ Kb4 40.Rd2 Qa3 41.Rb2+
Ka5 42.Qd2+ {#r} 1-0

[Event "D38"]
[Site "Cleanchess.com Lutsk UKR"]
[Date "2018.02.16"]
[Round "9.4"]
[White "Matviishen,Viktor"]
[Black "Mirzoev,E"]
[Result "0-1"]
[WhiteElo "2439"]
[BlackElo "2405"]

1.d4 d5 2.c4 e6 3.Nc3 Bb4 4.cxd5 exd5 5.Nf3 Nf6 6.Bg5 Qd6 7.Bxf6 Qxf6 8.e3 c6
9.Be2 O-O 10.O-O Nd7 11.a3 Bd6 12.e4 dxe4 13.Nxe4 Qh6 14.Rc1 Bf4 15.Rc3 Nb6
16.g3 Bc7 17.Qc1 Qxc1 18.Rcxc1 Nd5 19.Rfe1 Re8 20.Bc4 Bg4 21.Kg2 Bb6 22.Ne5
Be6 23.Nd6 Re7 24.Nexf7 Bxf7 25.Rxe7 Nxe7 26.Bxf7+ Kf8 27.Be6 Bxd4 28.Rc4 Bxb2
29.Rf4+ Bf6 30.Nxb7 Ng6 31.Rc4 Ne5 32.Re4 Rb8 33.Nc5 Rb2 34.Bf5 g6 35.Bc8 Kf7
36.h4 Rc2 37.Nd7 Nd3 38.Ba6 Nxf2 39.Rc4 Ng4+ 40.Rxc2 Ne3+ 41.Kf3 Nxc2 42.a4
Bd4 43.Ke4 c5 44.Kd5 Nb4+ {#R} 0-1

[Event "D38"]
[Site "Cleanchess.com Newcastle ENG"]
[Date "2018.02.16"]
[Round "5.10"]
[White "Storey,Ch"]
[Black "Haria,R"]
[Result "0-1"]
[WhiteElo "2262"]
[BlackElo "2376"]

1.d4 e6 2.Nf3 Nf6 3.c4 d5 4.Nc3 Bb4 5.cxd5 exd5 6.Bg5 Nbd7 7.e3 c5 8.Qc2 Qa5
9.Bd3 c4 10.Bf5 O-O 11.O-O Re8 12.Nd2 g6 13.Bxd7 Nxd7 14.a3 Bxc3 15.bxc3 Nb6
16.f3 Qa4 17.Qc1 Qc6 18.e4 f6 19.Bf4 Bd7 20.e5 Na4 21.Rf2 fxe5 22.Bxe5 Nc5
23.f4 Nd3 24.Qf1 Rf8 25.Rf3 Rf7 26.h3 Raf8 27.Kh2 Bf5 28.Re3 h6 29.Qe2 Kh7
30.Rf1 b5 31.g4 Bc8 32.Rxd3 cxd3 33.Qxd3 b4 34.Qg3 bxc3 35.Nf3 g5 36.f5 Bxf5
37.gxf5 Rxf5 38.h4 c2 39.Nxg5+ hxg5 40.hxg5 Rxf1 41.Qh4+ Kg8 42.Qh8+ Kf7
43.Qh7+ Ke8 44.Qh5+ Kd8 45.g6 R8f2+ 46.Kg3 Qc3+ 47.Kg4 Rg2+ {#R} 0-1

[Event "D38"]
[Site "Cleanchess.com   INT"]
[Date "2018.02.14"]
[Round "6"]
[White "Keymer,Vincent"]
[Black "Moussard,J"]
[Result "0-1"]
[WhiteElo "2408"]
[BlackElo "2571"]

1.d4 d5 2.c4 e6 3.Nc3 Nf6 4.Nf3 Bb4 5.Qa4+ Nc6 6.e3 O-O 7.Bd2 dxc4 8.Bxc4 Bd6
9.Qc2 e5 10.dxe5 Nxe5 11.Nxe5 Bxe5 12.f4 Bd6 13.O-O-O c6 14.e4 Ng4 15.e5 Bc5
16.Bd3 h6 17.Ne4 Bd4 18.Kb1 Qb6 19.h3 Ne3 20.Bxe3 Bxe3 21.Rhf1 Bd4 22.Nd6 Be6
23.Bc4 c5 24.Bxe6 fxe6 25.Rf3 Qc6 26.Qb3 Rae8 27.Nxe8 Rxe8 28.Qc2 Rf8 29.Qg6
Rf7 30.Qd3 a5 31.g4 Bxe5 32.f5 Bd4 33.Rff1 e5 34.Rfe1 a4 35.Qc4 a3 36.bxa3 Kf8
37.a4 Rf6 38.Re2 Qb6+ 39.Qb5 Qc7 40.a5 Rc6 41.a4 c4 42.Rxd4 exd4 43.Qd5 Qd6
44.Qxd6+ Rxd6 45.Re5 c3 46.Kc1 d3 47.Rc5 d2+ 48.Kd1 Rd3 49.Rc7 Rxh3 50.Kc2 Rd3
{#R} 0-1

[Event "D38"]
[Site "Cleanchess.com Rio de Janeiro BRA"]
[Date "2018.02.13"]
[Round "4.2"]
[White "Fier,A"]
[Black "Mekhitarian,K"]
[Result "1-0"]
[WhiteElo "2544"]
[BlackElo "2533"]

1.d4 Nf6 2.c4 e6 3.Nf3 d5 4.Nc3 Bb4 5.Qa4+ Nc6 6.e3 O-O 7.Qc2 Re8 8.Bd2 a6
9.h3 Bd7 10.Be2 dxc4 11.Bxc4 Bd6 12.a3 Qe7 13.O-O h6 14.Rae1 b5 15.Bd3 Rab8
16.e4 e5 17.dxe5 Nxe5 18.Nxe5 Qxe5 19.f4 Bc5+ 20.Kh1 Qh5 21.f5 Bd6 22.Bf4 Qh4
23.e5 Bc6 24.Re3 Ng4 25.Rg3 Bxe5 26.Be4 Bxe4 27.Nxe4 Ne3 28.Rxe3 Bxf4 29.Ref3
Bd6 30.Nxd6 cxd6 31.f6 g6 32.Qc6 b4 33.Rf4 Qg3 34.Rxb4 Qd3 35.Rc1 Qd2 36.Rxb8
Rxb8 37.b4 Qf4 38.Rd1 Qxf6 39.Qxa6 Rd8 40.Qc4 d5 41.Rxd5 Qa1+ 42.Kh2 Rxd5
43.Qxd5 Qxa3 44.Qd8+ Kh7 45.b5 Qb4 46.Qb8 g5 47.b6 g4 48.Qc7 gxh3 49.b7 hxg2
50.Qxf7+ Kh8 51.Qe8+ Kh7 52.b8=Q g1=Q+ 53.Kxg1 Qd4+ 54.Kg2 Qd5+ 55.Kf2 Qf5+
56.Ke3 Qc5+ 57.Ke4 Qc2+ 58.Kd5 Qd3+ 59.Kc6 Qc4+ 60.Kd7 Qd5+ 61.Qd6 Qb5+ 62.Kd8
{#r} 1-0

[Event "D38"]
[Site "Cleanchess.com   INT"]
[Date "2018.02.14"]
[Round "6"]
[White "Xu,Xiangyu"]
[Black "Naroditsky,D"]
[Result "1-0"]
[WhiteElo "2545"]
[BlackElo "2619"]

1.Nf3 d5 2.d4 Nf6 3.c4 e6 4.Nc3 Bb4 5.Bg5 h6 6.Bxf6 Qxf6 7.e3 O-O 8.Qb3 c5
9.cxd5 exd5 10.dxc5 Bxc3+ 11.Qxc3 Qxc3+ 12.bxc3 Nd7 13.Rd1 Nxc5 14.Rxd5 b6
15.Rd4 Be6 16.c4 Rac8 17.Be2 Na4 18.Kd2 Rc5 19.Rb1 Rfc8 20.Rb4 Ra5 21.Rb5 Ra6
22.Ne5 Nc5 23.Rb2 Ra5 24.Nd3 g5 25.Nb4 Bf5 26.Bd1 Ne6 27.Rd5 Rxc4 28.Rxa5 bxa5
29.Nd5 Kg7 30.f3 Nc5 31.Be2 Ra4 32.Bb5 Ra3 33.Nc3 Be6 34.Rc2 Nb7 35.Kc1 Nd6
36.Be2 Nf5 37.Kb2 Nxe3 38.Rd2 Rxc3 39.Kxc3 Nxg2 40.Bc4 Nh4 41.Bxe6 fxe6 42.Rf2
Kf6 43.Kd4 Kf5 44.Ke3 Ke5 45.Rb2 Nf5+ 46.Ke2 Nd4+ 47.Ke3 Nf5+ 48.Kf2 Nd6
49.Rb8 Kd5 50.Rh8 a4 51.Rxh6 Ke5 52.Rh7 a5 53.Rg7 Kf5 54.Rc7 Kf4 55.Rc5 g4
56.Rxa5 gxf3 57.Rxa4+ Ne4+ 58.Rxe4+ Kxe4 59.a4 Kf4 60.a5 e5 61.a6 e4 62.a7 e3+
63.Kf1 {#r} 1-0

[Event "D38"]
[Site "Cleanchess.com Bhubaneswar IND"]
[Date "2018.02.14"]
[Round "9.2"]
[White "Thejkumar,M"]
[Black "Visakh,N R"]
[Result "0-1"]
[WhiteElo "2500"]
[BlackElo "2457"]

1.d4 d5 2.c4 e6 3.Nf3 Nf6 4.Nc3 Bb4 5.Qa4+ Nc6 6.e3 O-O 7.Bd2 dxc4 8.Bxc4 Bd6
9.Nb5 Be7 10.O-O a6 11.Nc3 Bd6 12.Qc2 b5 13.Be2 Bb7 14.Rfd1 e5 15.a3 exd4
16.exd4 h6 17.Bd3 Ne7 18.Ne4 Nxe4 19.Bxe4 Bxe4 20.Qxe4 Re8 21.Qg4 Qc8 22.Qxc8
Rexc8 23.Rac1 f6 24.Ne1 Kf7 25.Kf1 Ke6 26.Ke2 Kd7 27.Nc2 f5 28.Bb4 Nd5 29.Bxd6
cxd6 30.Ne3 Re8 31.Kf3 Ne7 32.Rc2 Rac8 33.Rdc1 Rxc2 34.Rxc2 g5 35.g3 Rf8
36.Ke2 f4 37.Nd1 h5 38.Nc3 g4 39.Rd2 d5 40.Rd3 Kd6 41.f3 fxg3 42.hxg3 Nf5
43.Kf2 Rc8 44.Rd2 Rc4 45.Ne2 a5 46.fxg4 hxg4 47.Ke1 b4 48.Rd3 Rc2 49.axb4 axb4
50.Rd2 Rc8 51.Rd1 Re8 52.Rd3 Rh8 53.Rd1 Ne3 54.Rd3 Rh1+ 55.Kf2 Nf5 56.Rd2 Rb1
57.Nf4 Rh1 58.Ne2 Rh8 59.Rd1 Rh2+ 60.Ke1 Kc6 61.Rc1+ Kd6 62.Rd1 Kd7 63.b3 Nd6
64.Kd2 Ne4+ 65.Ke3 Rf2 66.Ng1 Rf8 67.Ra1 Kc6 68.Rc1+ Kb5 69.Kd3 Rf2 70.Rc8 Rf1
71.Ne2 Rf3+ 72.Kc2 Nxg3 73.Nxg3 Rxg3 74.Rc5+ Kb6 75.Rxd5 Rc3+ 76.Kb2 {#R} 0-1

[Event "D42"]
[Site "Cleanchess.com Newcastle ENG"]
[Date "2018.02.14"]
[Round "1.5"]
[White "Tan,Ju2"]
[Black "Derakhshani,Borna"]
[Result "1-0"]
[WhiteElo "2479"]
[BlackElo "2317"]

1.e4 c6 2.c4 d5 3.cxd5 cxd5 4.exd5 Nf6 5.Nc3 Nxd5 6.Nf3 e6 7.d4 Be7 8.Bd3 Nc6
9.O-O O-O 10.Re1 Nf6 11.a3 b6 12.Bc2 a5 13.Bg5 h6 14.Bf4 Ba6 15.Qd2 Re8
16.Rad1 Bf8 17.Ba4 Rc8 18.Ne5 Bb7 19.Qd3 Bd6 20.Qh3 Nd5 21.Nxd5 exd5 22.Nxf7
Kxf7 23.Qf5+ Kg8 24.Qxd5+ Kh8 25.Rxe8+ Qxe8 26.Qxd6 Rd8 27.Qc7 Rxd4 28.Be3
Rxa4 29.Qxb7 Qh5 30.Rc1 Rc4 31.Re1 Ne5 32.h3 Nd3 33.Rf1 b5 34.b3 Rh4 35.Qc8+
Kh7 36.Qc2 Qg6 37.Rd1 Nf4 38.Qxg6+ Kxg6 39.g3 {#r} 1-0

[Event "D43"]
[Site "Cleanchess.com   INT"]
[Date "2018.02.14"]
[Round "6"]
[White "Hilby,Craig"]
[Black "Stopa,Ja"]
[Result "0-1"]
[WhiteElo "2390"]
[BlackElo "2427"]

1.Nf3 d5 2.d4 c6 3.c4 Nf6 4.Nc3 e6 5.g3 Ne4 6.Bg2 f5 7.O-O Bd6 8.Bf4 Bxf4
9.gxf4 O-O 10.Ne5 Nd7 11.e3 Nxe5 12.fxe5 b6 13.f4 Nxc3 14.bxc3 Ba6 15.Qa4 Qc8
16.Rfc1 Bxc4 17.Bf1 Bxf1 18.Kxf1 Qd7 19.c4 dxc4 20.Qxc4 Rac8 21.Rd1 Qd5
22.Qxd5 cxd5 23.Rdc1 Kf7 24.Ke2 Ke7 25.Kd3 Kd7 26.h4 Rxc1 27.Rxc1 g6 28.Rh1
Rg8 29.h5 g5 30.fxg5 Rxg5 31.h6 Rg3 32.Rh4 Rg2 33.Rh3 b5 34.Rh1 Rg3 35.Ke2 a6
36.Kf2 Rg8 37.Rb1 Rg6 38.Rh1 Kc6 39.Ke2 Rg2+ 40.Kd3 Rxa2 41.Rc1+ Kb6 42.Rc8
Rh2 43.Rf8 Rxh6 44.Rf6 Rg6 45.Rf7 b4 46.Rxh7 a5 47.Rf7 Kc6 48.Ra7 Kb5 49.Rf7
Ka4 50.Rf6 Rg3 51.Kd2 Kb3 52.Rxe6 a4 53.Rd6 Rg2+ 54.Kd3 a3 55.Rxd5 a2 56.Ra5
Kb2 57.e6 b3 58.e7 Rg8 59.d5 a1=Q 60.Rxa1 Kxa1 61.d6 b2 62.d7 b1=Q+ 63.Ke2
Rg2+ 64.Kf3 Qf1# 0-1

[Event "D45"]
[Site "Cleanchess.com   INT"]
[Date "2018.02.14"]
[Round "6"]
[White "Haug,J"]
[Black "Boruchovsky,A"]
[Result "0-1"]
[WhiteElo "2357"]
[BlackElo "2542"]

1.d4 Nf6 2.c4 e6 3.Nf3 d5 4.Nc3 c6 5.e3 Nbd7 6.Qc2 Bd6 7.Bd3 dxc4 8.Bxc4 b5
9.Be2 O-O 10.O-O Qe7 11.e4 e5 12.dxe5 Nxe5 13.Nxe5 Bxe5 14.Bf3 h6 15.Re1 Bg4
16.Qe2 Qe6 17.Bxg4 Nxg4 18.h3 Nf6 19.Qf3 Rfe8 20.Nd1 Rad8 21.a4 b4 22.Be3 Nxe4
23.Bxa7 Nd2 24.Qe3 Qd7 25.Rc1 Bc7 {#R} 0-1

[Event "D45"]
[Site "Cleanchess.com Neustadt an der Weinstrasse GER"]
[Date "2018.02.13"]
[Round "9.5"]
[White "Kunin,V"]
[Black "Petrisor,A"]
[Result "1-0"]
[WhiteElo "2574"]
[BlackElo "2419"]

1.d4 Nf6 2.c4 e6 3.Nf3 d5 4.Nc3 Nbd7 5.e3 c6 6.Qc2 Be7 7.b3 b6 8.Bb2 Bb7 9.Bd3
O-O 10.O-O h6 11.Rad1 Rc8 12.Qe2 Bb4 13.a3 Bxc3 14.Bxc3 Ne4 15.Bb2 Qe7 16.Ne5
Nxe5 17.dxe5 Nc5 18.Bb1 dxc4 19.Qxc4 Ba6 20.Qc2 g6 21.Rfe1 Rfd8 22.Qc3 Rd5
23.Rd4 Rcd8 24.Red1 Qh4 25.h3 Qg5 26.Bc2 Nd7 27.Be4 Rxd4 28.Qxd4 c5 29.Qd6 Bc8
30.Bc6 {#r} 1-0

[Event "D45"]
[Site "Cleanchess.com Neustadt an der Weinstrasse GER"]
[Date "2018.02.12"]
[Round "7.15"]
[White "Meskovs,N"]
[Black "Maerevoet,Sim"]
[Result "1-0"]
[WhiteElo "2546"]
[BlackElo "2272"]

1.Nf3 d5 2.c4 c6 3.e3 Nf6 4.Nc3 a6 5.d4 e6 6.a4 c5 7.Be2 dxc4 8.Bxc4 Nc6 9.O-O
cxd4 10.exd4 Be7 11.Re1 O-O 12.Bg5 b6 13.Rc1 Bb7 14.Ba2 Nb4 15.Bb1 h6 16.Bf4
Rc8 17.Be5 Qd7 18.Qe2 Rfd8 19.Nd2 Kf8 20.h3 Nc6 21.Nf3 Nb4 22.b3 Nbd5 23.Nxd5
Qxd5 24.Qe3 b5 25.Bc7 Re8 26.axb5 axb5 27.Qd3 Ba3 28.Rc2 Ne4 29.h4 Ra8 30.Rce2
f5 31.Qe3 Rec8 32.Qf4 Kg8 33.Rxe4 fxe4 34.Bxe4 {#r} 1-0

[Event "D45"]
[Site "Cleanchess.com   INT"]
[Date "2018.02.14"]
[Round "6"]
[White "Stefansson,H"]
[Black "Gunina,V"]
[Result "1-0"]
[WhiteElo "2523"]
[BlackElo "2502"]

1.d4 Nf6 2.c4 e6 3.Nf3 d5 4.Nc3 c6 5.e3 Nbd7 6.Qc2 Bd6 7.b3 O-O 8.Be2 e5 9.Bb2
e4 10.Nd2 Qe7 11.g4 Qe6 12.g5 Ne8 13.O-O-O Nc7 14.h4 a5 15.Kb1 Bb4 16.cxd5
cxd5 17.Ncxe4 dxe4 18.Qxc7 a4 19.Bc4 Qf5 20.Qf4 Qxf4 21.exf4 Re8 22.Nf1 Nb6
23.Ne3 axb3 24.Bxb3 Bd7 25.Rc1 Bd6 26.f5 Kf8 27.f6 gxf6 28.gxf6 Bb5 29.Rhg1
Bd3+ 30.Ka1 Rec8 31.Rg7 Rxc1+ 32.Bxc1 Rc8 33.Rxf7+ Ke8 34.Bb2 Na4 35.Rxh7 Nxb2
36.Kxb2 Bb4 37.Rh8+ Bf8 38.Be6 Rc6 39.d5 Rb6+ 40.Kc3 {#r} 1-0

[Event "D45"]
[Site "Cleanchess.com Lutsk UKR"]
[Date "2018.02.18"]
[Round "8.3"]
[White "Simantsev,M"]
[Black "Bogdanovich,S"]
[Result "0-1"]
[WhiteElo "2486"]
[BlackElo "2560"]

1.d4 d5 2.c4 c6 3.Nc3 Nf6 4.e3 e6 5.Nf3 Nbd7 6.Qc2 b6 7.b3 Bb7 8.Be2 Bd6 9.O-O
O-O 10.Bb2 Qe7 11.Rad1 Rac8 12.e4 Nxe4 13.Nxe4 dxe4 14.Qxe4 Nf6 15.Qh4 c5
16.Rfe1 cxd4 17.Nxd4 Bb4 18.Rf1 Rfd8 19.Bf3 Bc5 20.Bxb7 Qxb7 21.Nf3 Be7 22.Ne5
Ne4 23.Qf4 Bf6 24.Qf3 Qa8 25.Rxd8+ Rxd8 26.Rd1 h6 27.h3 Rxd1+ 28.Qxd1 Nc5
29.f3 Qb8 30.Nc6 Qf4 31.Bxf6 gxf6 32.Qd8+ Kh7 33.Qf8 Kg6 34.Ne7+ Kg5 35.Qxf7
Qe3+ 36.Kh2 Qe5+ 37.Kg1 Qa1+ 38.Kh2 Qe5+ 39.Kg1 Qd4+ 40.Kh2 Qd6+ 41.Kg1 Qd4+
42.Kh2 Kf4 43.Qg7 Ke3 44.Qg3 Ke2 45.Ng6 Nd3 46.h4 e5 47.Ne7 Kf1 48.Nd5 Qg1+
49.Kh3 Nf2+ {#R} 0-1

[Event "D45"]
[Site "Cleanchess.com Bhubaneswar IND"]
[Date "2018.02.14"]
[Round "9.3"]
[White "Sahoo,U"]
[Black "Das,Arg"]
[Result "1-0"]
[WhiteElo "2252"]
[BlackElo "2443"]

1.d4 d5 2.c4 e6 3.Nf3 c6 4.e3 Nf6 5.Nc3 Nbd7 6.Qc2 Bd6 7.b3 O-O 8.Be2 b6 9.O-O
Bb7 10.Bb2 Qe7 11.Rfe1 Rfe8 12.Rad1 Rad8 13.Bd3 c5 14.cxd5 exd5 15.g3 a6
16.Bf1 c4 17.Nh4 b5 18.Nf5 Qf8 19.Nxd6 Qxd6 20.bxc4 dxc4 21.e4 b4 22.e5 Qc7
23.exf6 Rxe1 24.Rxe1 bxc3 25.Qxc3 Qc6 26.f3 Nb6 27.fxg7 Qxf3 28.Qxf3 Bxf3
29.d5 Bxd5 30.Bd4 Na4 31.Bf6 Rc8 32.Bh3 Rb8 33.Re5 Nb6 34.Bf5 Bf3 35.g4 h6
36.h4 Bc6 37.g5 hxg5 38.hxg5 Re8 39.Rc5 Bd5 40.Kf2 Be6 41.Bc2 Nd5 42.Kf3 Nb4
43.Be4 Nxa2 44.g6 fxg6 45.Bxg6 Bf7 46.Rh5 Bxg6 47.Rh8+ Kf7 48.Rxe8 Bh7 49.Rf8+
Ke6 50.Kf4 Nb4 51.Kg5 Nd5 52.Kh6 Bg8 53.Rxg8 Nxf6 54.Rf8 {#r} 1-0

[Event "D45"]
[Site "Cleanchess.com   INT"]
[Date "2018.02.14"]
[Round "6"]
[White "Sadorra,J"]
[Black "Smirnov,Ant"]
[Result "1-0"]
[WhiteElo "2539"]
[BlackElo "2527"]

1.d4 d5 2.c4 e6 3.Nc3 Nf6 4.Nf3 c6 5.e3 Nbd7 6.Qc2 Bd6 7.g4 Nxg4 8.Rg1 Qf6
9.Rxg4 Qxf3 10.Rxg7 Nf6 11.Rg5 Qh1 12.Bd2 Qxh2 13.O-O-O Rg8 14.Rxg8+ Nxg8
15.e4 dxc4 16.e5 Be7 17.Bxc4 Bd7 18.Qe4 Qxf2 19.Rf1 Qh4 20.Qg2 O-O-O 21.Rf4
Qh5 22.Be2 Qh6 23.Rxf7 Qg6 24.Qxg6 hxg6 25.Rg7 c5 26.d5 exd5 27.Nxd5 Bh4
28.Ba5 Bg5+ 29.Kc2 Bh6 30.Rxg8 Bf5+ 31.Kd1 Rxg8 32.Ne7+ Kd7 33.Nxg8 Bf4 34.Bc3
Be6 35.Nf6+ Ke7 36.a3 a6 37.Bf3 Bb3+ 38.Ke2 Bc4+ 39.Kf2 Ke6 40.Bg4+ Ke7 41.Bc8
b6 42.Bxa6 Bb3 43.Bb7 Ke6 44.Bc8+ Ke7 45.Ne4 g5 46.Nd6 Bd1 47.Nf5+ Kd8 48.Bb7
Bc2 49.Ne3 Bb3 50.Nd5 b5 51.e6 Bd6 52.Bf6+ Ke8 53.Bc6+ Kf8 54.e7+ Bxe7
55.Bxe7+ Kf7 56.Bxc5 Ke6 57.Ne3 Ba4 58.Kg3 Ke5 59.Kg4 Ke6 60.Kxg5 Ke5 61.Kg4
{#r} 1-0

[Event "D47"]
[Site "Cleanchess.com Bhubaneswar IND"]
[Date "2018.02.13"]
[Round "8.1"]
[White "Adhiban,Baskaran"]
[Black "Sidhant,M"]
[Result "1-0"]
[WhiteElo "2643"]
[BlackElo "2389"]

1.d4 d5 2.c4 c6 3.Nf3 Nf6 4.Nc3 e6 5.e3 Nbd7 6.Bd3 dxc4 7.Bxc4 b5 8.Bd3 Bd6
9.Qc2 O-O 10.Ne4 Nxe4 11.Bxe4 Bb7 12.Bxh7+ Kh8 13.Bd3 Rc8 14.Qe2 c5 15.O-O a6
16.e4 cxd4 17.e5 Bb8 18.Ng5 g6 19.Bf4 Qe7 20.Rac1 Kg7 21.h4 Rh8 22.Rxc8 Bxc8
23.Nf3 Bb7 24.Be4 Bxe4 25.Qxe4 Qc5 26.Rd1 Rh5 27.b4 Qd5 28.Qxd5 exd5 29.g4 Rh8
30.Rxd4 Nb6 31.Bg5 Rc8 32.Kg2 Rc4 33.Bd8 Rxd4 34.Nxd4 Nc4 35.Bf6+ Kh7 36.f4
Ba7 37.Nf3 d4 38.Ng5+ Kg8 39.h5 gxh5 40.gxh5 Ne3+ 41.Kf3 Nd5 42.h6 Nxf6
43.exf6 d3 44.Nxf7 Kh7 45.Ng5+ Kxh6 46.f5 {#r} 1-0

[Event "D55"]
[Site "Cleanchess.com Neustadt an der Weinstrasse GER"]
[Date "2018.02.13"]
[Round "8.3"]
[White "Ivanisevic,I"]
[Black "Fridman,D"]
[Result "1-0"]
[WhiteElo "2573"]
[BlackElo "2635"]

1.c4 e6 2.Nc3 d5 3.d4 Be7 4.Nf3 Nf6 5.Bg5 h6 6.Bxf6 Bxf6 7.e3 O-O 8.Rc1 c6
9.Bd3 Nd7 10.O-O dxc4 11.Bxc4 e5 12.Ne4 exd4 13.Nxf6+ Nxf6 14.Nxd4 Qe7 15.Qb3
Rd8 16.Rfd1 Nd5 17.Be2 a5 18.a3 a4 19.Qc4 Nb6 20.Qc5 Qxc5 21.Rxc5 Bd7 22.h4
Be8 23.f4 Rd5 24.Rxd5 Nxd5 25.Kf2 Nf6 26.Nf5 c5 27.Bf3 Rb8 28.e4 Bd7 29.Nd6 h5
30.f5 Bc6 31.e5 Ng4+ 32.Bxg4 hxg4 33.Kg3 Kf8 34.Kxg4 Bxg2 35.f6 gxf6 36.exf6
Rd8 37.Kf4 Kg8 38.Ke5 Kh7 39.Rg1 Rg8 40.Nxf7 Rg4 41.Kf5 Rg3 42.Ng5+ {#r} 1-0

[Event "D56"]
[Site "Cleanchess.com Bhubaneswar IND"]
[Date "2018.02.13"]
[Round "8.2"]
[White "Karthikeyan,P2"]
[Black "Deshmukh,A"]
[Result "1-0"]
[WhiteElo "2464"]
[BlackElo "2284"]

1.d4 e6 2.c4 d5 3.Nc3 Nf6 4.Bg5 Be7 5.e3 h6 6.Bh4 O-O 7.Nf3 Nbd7 8.Rc1 c5
9.cxd5 Nxd5 10.Bxe7 Nxe7 11.Bb5 cxd4 12.Nxd4 a6 13.Be2 e5 14.Nb3 Qb6 15.O-O
Qg6 16.Nd5 Nxd5 17.Qxd5 Qf5 18.Nd4 Qf6 19.Nf3 e4 20.Nd4 Qe5 21.Qxe5 Nxe5
22.Rc7 Rb8 23.Rfc1 Bd7 24.R1c5 f6 25.Bc4+ Kh8 26.Bd5 b6 27.Rc3 f5 28.Be6 Rbd8
29.Bxd7 Rxd7 30.Rxd7 Nxd7 31.Rc6 Kh7 32.Kf1 Rf7 33.b4 g6 34.a4 Rf6 35.Rc7 Rd6
36.Ra7 Kg7 37.Rxa6 Kf6 38.Ke2 Ke5 39.Ra8 Kd5 40.Nb5 Rf6 41.Rc8 Ne5 42.f3 exf3+
43.gxf3 Rc6 44.Rd8+ Kc4 45.Nd4 Rf6 46.f4 Ng4 47.h3 Nh2 48.Kf2 Rf7 49.Kg2 Kxb4
50.Kxh2 Kxa4 51.Rd6 Re7 52.Rxb6 Rxe3 53.Rxg6 {#r} 1-0

[Event "D58"]
[Site "Cleanchess.com   INT"]
[Date "2018.02.14"]
[Round "6"]
[White "Bykhovsky,An ISR"]
[Black "Brattain,Mika"]
[Result "1-0"]
[WhiteElo "2496"]
[BlackElo "2404"]

1.d4 d5 2.c4 e6 3.Nc3 Be7 4.Nf3 Nf6 5.Bg5 h6 6.Bh4 O-O 7.e3 b6 8.Rc1 Bb7
9.Bxf6 Bxf6 10.cxd5 exd5 11.b4 c6 12.Be2 a5 13.b5 c5 14.O-O Nd7 15.Qb3 cxd4
16.exd4 Re8 17.Rfd1 Nf8 18.Bf1 Qd6 19.g3 Ne6 20.Bg2 g5 21.h3 h5 22.Qb1 Rad8
23.Qf5 Ng7 24.Qd3 Bc8 25.Na4 Bd7 26.Qb3 Nf5 27.Ne5 Nxd4 28.Rxd4 Bxe5 29.Rxd5
Qf6 30.Qd3 Be6 31.Rxd8 Rxd8 32.Qe2 Bd4 33.Rc6 h4 34.gxh4 Qf4 35.Nxb6 Be5
36.Rxe6 fxe6 37.Nc4 Qc1+ 38.Bf1 Bf6 39.Qxe6+ Kg7 40.h5 Qf4 41.Qg4 Qc7 42.Qe4
Qf7 43.Be2 Rd4 44.Qc6 Qe7 45.Bf3 Rf4 46.Kg2 Kh6 47.Ne3 Qe5 48.Ng4+ Rxg4+
49.hxg4 Kg7 50.b6 Be7 51.Qd7 Kh6 52.Qe8 Kg7 53.b7 Bd6 54.Qxe5+ Bxe5 55.Be4
{#r} 1-0

[Event "D61"]
[Site "Cleanchess.com Lutsk UKR"]
[Date "2018.02.16"]
[Round "12.4"]
[White "Razin,V"]
[Black "Budnikov,O"]
[Result "1-0"]
[WhiteElo "2379"]
[BlackElo "2422"]

1.d4 Nf6 2.Nf3 e6 3.c4 d5 4.Nc3 c6 5.Bg5 Nbd7 6.e3 Be7 7.Qc2 O-O 8.Rd1 a6 9.a3
dxc4 10.Bxc4 b5 11.Ba2 c5 12.dxc5 Bxc5 13.Bb1 g6 14.Bxf6 Qxf6 15.Ne4 Qe7
16.Rxd7 Bxd7 17.Qxc5 Qxc5 18.Nxc5 Rfc8 19.b4 a5 20.O-O Be8 21.Be4 Ra7 22.Rd1
axb4 23.axb4 Kg7 24.h3 Ra2 25.Nd4 Rb2 26.Rb1 Rxb1+ 27.Bxb1 e5 28.Ndb3 Ra8
29.Na5 Rd8 30.Bd3 Kf6 31.Kf1 Ke7 32.Ke2 f5 33.f3 h5 34.h4 Kf6 35.Nab7 Ra8
36.Na5 g5 37.hxg5+ Kxg5 38.Ne6+ Kf6 39.Nc7 Rb8 40.Nd5+ Ke6 41.Nc7+ Kf6 42.e4
f4 43.Na6 Rc8 44.Nc5 Rb8 45.Ncb3 Ke7 46.Kd2 Rb6 47.Nc1 Rg6 48.Bf1 h4 49.Na2
Rg3 50.Ke2 h3 51.gxh3 Bh5 52.Nc3 Rxf3 53.Nd5+ Kf7 54.Ke1 Ra3 55.Bxb5 Ra1+
56.Kf2 Ra2+ 57.Ke1 Ra1+ 58.Kd2 Ra2+ 59.Kc3 Ra3+ 60.Kb2 Rxh3 61.Nc6 Ke6 62.Bc4
Kd6 63.Na5 f3 64.Ne3 f2 65.Nf1 Bf3 66.Nb3 Bg2 67.Nbd2 Rh1 68.Kc2 Rh4 69.Kd3
Kc6 70.Ke3 Rf4 71.Bd3 Rf8 72.Nc4 Kb5 73.Nxe5+ Kxb4 74.Ng4 Bxf1 75.Bxf1 Kc5
76.Nxf2 Kd6 77.Bc4 Ra8 78.Kd4 Ra5 79.Nd3 Rh5 80.e5+ Kc6 81.Bd5+ Kd7 82.Be4 Rh8
83.Kd5 Ra8 84.e6+ Ke7 85.Ke5 Rh8 86.Nf4 Rb8 87.Nd5+ Kf8 88.Kf6 Re8 89.e7+ Rxe7
90.Nxe7 Ke8 91.Ke6 Kf8 92.Nf5 Kg8 93.Kf6 Kh8 94.Kg6 Kg8 95.Bf3 Kh8 96.Kf6 Kg8
97.Ne7+ Kh8 98.Ng6+ Kg8 99.Ne5 Kh8 100.Be4 Kg8 101.Kg6 Kh8 102.Nf7+ Kg8
103.Nh6+ Kh8 104.Nf5 Kg8 105.Kf6 Kh8 106.Nh4 Kg8 107.Ng6 Kh7 108.Bd5 Kh6
109.Nf8 Kh5 110.Kf5 Kh6 111.Kf6 Kh5 112.Be6 Kh4 113.Ng6+ Kh5 114.Ne5 Kh6
115.Bf5 Kh5 116.Nf7 Kh4 117.Kg6 Kg3 118.Kg5 Kf3 119.Be6 Ke4 120.Kf6 Kf4
121.Nd6 Ke3 122.Ke5 Kd3 123.Ne4 Kc2 124.Kd4 Kb2 125.Kc4 Kc2 126.Bd5 Kb2
127.Kd3 Ka3 128.Kc3 Ka4 129.Kc4 Ka3 130.Nd2 Kb2 131.Kd3 Ka3 132.Kc3 Ka4
133.Bc4 Ka5 134.Nf3 Ka4 135.Ne5 Ka3 136.Nd7 Ka4 137.Nb6+ Ka5 138.Nd5 Ka4
139.Ne3 Ka5 140.Kd4 Kb6 141.Kd5 Ka5 142.Kc5 Ka4 143.Nc2 Ka5 144.Nd4 Ka4
145.Nb5 Ka5 146.Bb3 Ka6 147.Nd6 Ka5 148.Bc2 Ka6 149.Be4 Ka5 150.Bc6 Ka6
151.Nb7 Ka7 152.Bd5 Ka6 153.Kc6 Ka7 154.Nc5 Kb8 155.Be6 Ka7 156.Kc7 Ka8
157.Nd7 Ka7 158.Nb8 Ka8 159.Bc8 Ka7 160.Nc6+ {#r} 1-0

[Event "D73"]
[Site "Cleanchess.com Neustadt an der Weinstrasse GER"]
[Date "2018.02.12"]
[Round "7.18"]
[White "Dardha,A"]
[Black "Barski,R"]
[Result "0-1"]
[WhiteElo "2272"]
[BlackElo "2429"]

1.d4 Nf6 2.g3 g6 3.Bg2 d5 4.Nf3 Bg7 5.c4 e6 6.Nc3 O-O 7.O-O c6 8.b3 a5 9.Ne5
Nfd7 10.Nxd7 Nxd7 11.Ba3 Re8 12.e4 dxc4 13.bxc4 Nb6 14.e5 Nxc4 15.Bc1 c5
16.dxc5 Bxe5 17.Qxd8 Rxd8 18.Bh6 Bxc3 19.Rac1 Bd2 20.Rfd1 Rd7 21.Rxd2 Nxd2
22.c6 bxc6 23.Bxc6 Rc7 24.Bf4 Rxc6 25.Rxc6 Nf3+ 26.Kg2 Bb7 27.Rc7 Bd5 {#R} 0-1

[Event "D76"]
[Site "Cleanchess.com Newcastle ENG"]
[Date "2018.02.15"]
[Round "3.3"]
[White "Vakhidov,J"]
[Black "Nasuta,G"]
[Result "1-0"]
[WhiteElo "2532"]
[BlackElo "2454"]

1.d4 Nf6 2.c4 g6 3.g3 Bg7 4.Bg2 d5 5.cxd5 Nxd5 6.Nf3 Nb6 7.Nc3 Nc6 8.e3 O-O
9.O-O Re8 10.Nh4 e5 11.d5 Na5 12.Rb1 Nac4 13.b3 Nd6 14.e4 Bd7 15.Ba3 Bf8
16.Qd3 a5 17.Bc5 Ndc8 18.Bxf8 Rxf8 19.f4 f6 20.fxe5 fxe5 21.Qe3 Rxf1+ 22.Rxf1
Qe7 23.a4 Nd6 24.Qc5 Nbc8 25.Qxc7 Ne8 26.Qc4 Ncd6 27.Qc5 Nf6 28.Nb5 Bxb5
29.axb5 Rc8 30.Qe3 Nxb5 31.Bh3 Rc3 32.Qg5 Nxd5 33.Be6+ Kh8 34.Nxg6+ {#r} 1-0

[Event "D76"]
[Site "Cleanchess.com Newcastle ENG"]
[Date "2018.02.14"]
[Round "1.10"]
[White "Berry,N"]
[Black "Hunt,A"]
[Result "0-1"]
[WhiteElo "2267"]
[BlackElo "2416"]

1.d4 Nf6 2.c4 g6 3.g3 Bg7 4.Bg2 d5 5.cxd5 Nxd5 6.Nf3 Nb6 7.O-O Nc6 8.e3 O-O
9.Nc3 Re8 10.Nh4 e5 11.d5 Na5 12.Rb1 Nac4 13.e4 Nd6 14.b3 f5 15.Ba3 fxe4
16.Bxd6 cxd6 17.Nxe4 Bf5 18.Rc1 Rc8 19.Qd2 Bxe4 20.Bxe4 Rxc1 21.Rxc1 Nd7
22.Nf3 Nf6 23.Qe2 Qa5 24.Rc2 Bh6 25.Kg2 Kg7 26.Qc4 Re7 27.h4 b5 28.Qd3 Qb4
29.Re2 Rc7 30.Ng5 Rc3 31.Qb1 Bxg5 32.hxg5 Nxe4 33.Rxe4 Qc5 34.Qd1 Qc8 35.Qd2
Rc2 36.Qe3 Rxa2 37.Rb4 Qd7 38.Qf3 a6 39.Qf6+ Kg8 40.Rh4 Rc2 41.Rh6 Rc8 42.Qf3
Rf8 43.Qe4 Qa7 44.f3 Rc8 45.f4 Qf7 46.Rh1 exf4 47.gxf4 Re8 48.Qd4 Qf5 49.Kf3
Qc2 50.Kg3 Qe2 51.Qf2 Re3+ 52.Kg2 Qg4+ {#R} 0-1